[Event "ROM-ch U10"]
[Site "Calimanesti Caciulata"]
[Date "2019.04.20"]
[Round "7"]
[White "Dragos, Filip"]
[Black "Serban, Stefan"]
[Result "1-0"]
[WhiteElo "1132"]
[BlackElo "1010"]
[PlyCount "45"]
[EventDate "2019.04.15"]
[EventType "swiss"]
[EventRounds "9"]
[EventCountry "ROU"]
[SourceTitle "CBM 190 Extra"]
[Source "ChessBase"]
[SourceDate "2019.07.15"]
[SourceVersion "1"]
[SourceVersionDate "2019.07.15"]
[SourceQuality "1"]

1. Nf3 d5 2. d4 Nc6 3. Nc3 Nf6 4. Bg5 Bf5 5. e3 h6 6. Bxf6 exf6 7. Bb5 Qd6 8. 0-0 a6 9. Bd3 Bg4 10. h3 Bxf3 11. Qxf3 Qe6 12. Nxd5 0-0-0 13. Bf5 Rxd5 14. Qxd5 Qxf5 15. Qxf5+ Kb8 16. c4 Bd6 17. c5 Be7 18. b4 g6 19. Qb1 Kc8 20. a4 Kd8 21. b5 Na7 22. bxa6 Nc6 23. Qxb7 1-0

[Event "ROM-ch U08"]
[Site "Calimanesti"]
[Date "2018.03.31"]
[Round "6"]
[White "Serban, Stefan"]
[Black "Gales, Randi Ioan"]
[Result "0-1"]
[WhiteElo "1001"]
[BlackElo "1105"]
[PlyCount "52"]
[EventDate "2018.03.27"]
[EventType "swiss"]
[EventRounds "9"]
[EventCountry "ROU"]
[SourceTitle "CBM 183 Extra"]
[Source "ChessBase"]
[SourceDate "2018.04.19"]
[SourceVersion "1"]
[SourceVersionDate "2018.04.19"]
[SourceQuality "1"]

1. e4 e6 2. d4 d5 3. exd5 exd5 4. Nc3 Be6 5. Nf3 Bd6 6. Bd3 Ne7 7. 0-0 Nbc6 8. Re1 Qd7 9. a3 0-0-0 10. Nb5 f6 11. Nxd6+ Qxd6 12. Bd2 g5 13. b4 Ng6 14. b5 Nce7 15. a4 g4 16. Bxg6 hxg6 17. Ne5 fxe5 18. dxe5 Qd7 19. Be3 Kb8 20. Qxg4 Nc8 21. Rab1 Rh7 22. a5 Rdh8 23. Bf4 g5 24. Bg3 Ne7 25. b6 cxb6 26. axb6 a6 0-1

[Event "ROM-ch U08"]
[Site "Calimanesti"]
[Date "2018.03.29"]
[Round "3"]
[White "Ianchis, David Cristian"]
[Black "Serban, Stefan"]
[Result "0-1"]
[WhiteElo "1055"]
[BlackElo "1001"]
[PlyCount "82"]
[EventDate "2018.03.27"]
[EventType "swiss"]
[EventRounds "9"]
[EventCountry "ROU"]
[SourceTitle "CBM 183 Extra"]
[Source "ChessBase"]
[SourceDate "2018.04.19"]
[SourceVersion "1"]
[SourceVersionDate "2018.04.19"]
[SourceQuality "1"]

1. e4 e5 2. Nf3 Nc6 3. d4 exd4 4. Bc4 Nf6 5. e5 Ne4 6. 0-0 Be7 7. Re1 Nc5 8. Nxd4 Nxd4 9. Qxd4 0-0 10. Re3 d6 11. b3 dxe5 12. Qc3 Bf6 13. Bb2 e4 14. Qe1 Bxb2 15. Nc3 Bxa1 16. Rg3 Bxc3 17. Qxc3 g6 18. Qe3 Be6 19. Qxc5 Bxc4 20. Qxc4 Qd1+ 21. Qf1 Qxf1+ 22. Kxf1 Rad8 23. Ke2 f5 24. h4 b5 25. h5 Rf6 26. Ke3 Kg7 27. Kf4 Rc6 28. Kg5 Rxc2 29. h6+ Kf7 30. a4 bxa4 31. bxa4 c5 32. f4 c4 33. Ra3 Rc1 34. g4 fxg4 35. Kxg4 c3 36. Kg3 c2 37. Kf2 Rb1 38. a5 c1Q 39. a6 Qxa3 40. Ke2 Rb2+ 41. Ke1 Qa1# 0-1

[Event "ROM-ch U08"]
[Site "Baile Felix"]
[Date "2017.02.06"]
[Round "6"]
[White "Ianchis, David Cristian"]
[Black "Serban, Stefan"]
[Result "1-0"]
[WhiteElo "1001"]
[BlackElo "1001"]
[PlyCount "27"]
[EventDate "2017.02.02"]
[EventType "swiss"]
[EventRounds "9"]
[EventCountry "ROU"]
[SourceTitle "CBM 176 Extra"]
[Source "ChessBase"]
[SourceDate "2017.03.02"]
[SourceVersion "1"]
[SourceVersionDate "2017.03.02"]
[SourceQuality "1"]

1. e4 e5 2. Nf3 Nc6 3. Bc4 Nf6 4. Nc3 Bc5 5. d3 0-0 6. Bg5 Qe8 7. 0-0 d6 8. Bxf6 gxf6 9. Nh4 Be6 10. Nb5 Bxc4 11. dxc4 Qd8 12. Nf5 a6 13. Qg4+ Kh8 14. Qg7# 1-0

[Event "ROM-ch U08"]
[Site "Baile Felix"]
[Date "2017.02.05"]
[Round "5"]
[White "Serban, Stefan"]
[Black "Gutanu, Bogdan Alexandru"]
[Result "0-1"]
[WhiteElo "1001"]
[BlackElo "1005"]
[PlyCount "64"]
[EventDate "2017.02.02"]
[EventType "swiss"]
[EventRounds "9"]
[EventCountry "ROU"]
[SourceTitle "CBM 176 Extra"]
[Source "ChessBase"]
[SourceDate "2017.03.02"]
[SourceVersion "1"]
[SourceVersionDate "2017.03.02"]
[SourceQuality "1"]

1. e4 e6 2. d4 d5 3. Nc3 Bb4 4. Bd2 dxe4 5. Nxe4 Bxd2+ 6. Qxd2 Nf6 7. Bd3 Nxe4 8. Bxe4 0-0 9. Nf3 Nc6 10. 0-0 Bd7 11. Qf4 Re8 12. Qg4 e5 13. Qh5 g6 14. Qh6 exd4 15. Bd3 Bf5 16. Bxf5 gxf5 17. c3 dxc3 18. bxc3 Qe7 19. Ng5 f6 20. Nf3 Qg7 21. Qxg7+ Kxg7 22. Nh4 f4 23. Nf5+ Kg6 24. Nh4+ Kg5 25. Nf3+ Kg6 26. Nd4 Nxd4 27. cxd4 Rad8 28. Rad1 Re2 29. d5 Rxa2 30. Rfe1 c6 31. dxc6 Rxd1 32. Rxd1 bxc6 0-1